Information Systems Research : Issues, Methods and Practical Guidelines
Αποθηκεύτηκε σε:
| Κύριος συγγραφέας: | |
|---|---|
| Μορφή: | Βιβλίο |
| Γλώσσα: | English |
| Δημοσίευση: |
London, Edinburgh :
Blackwell Scientific Publications,
1992
|
| Σειρά: | Information Systems Series
|
| Θέματα: | |
| Ετικέτες: |
Προσθήκη ετικέτας
Δεν υπάρχουν, Καταχωρήστε ετικέτα πρώτοι!
|
MARC
| LEADER | 00000nam a2200000 i 4500 | ||
|---|---|---|---|
| 001 | 1/20264 | ||
| 008 | 930824s1992 eng d | ||
| 020 | |a 0-632-02864-5 | ||
| 035 | |l 10021518 | ||
| 040 | |a GR-MY-UA |b gre |e aacr | ||
| 041 | 0 | |a eng | |
| 082 | 0 | |a 658.4038 | |
| 100 | 1 | |a Galliers, Robert |d 1947- | |
| 245 | 1 | 0 | |a Information Systems Research : |b Issues, Methods and Practical Guidelines / |c Robert Galliers (Ed.) |
| 260 | |a London, Edinburgh : |b Blackwell Scientific Publications, |c 1992 | ||
| 300 | |c 24cm | ||
| 490 | 1 | |a Information Systems Series | |
| 650 | 0 | 0 | |a Management information systems |x Research. |
| 852 | |a INST |b CHIOS |e 19930824 |h 658.4038 GAL |p 005200004391 |q 005200004391 |t BK |y 0 | ||
| 909 | |a Χ |b 024102 | ||